BSOP header

Working abroad : (Record no. 54674)

MARC details
000 -LEADER
fixed length control field 00868nam a22001937a 4500
005 - DATE AND TIME OF LATEST TRANSACTION
control field 20251027195936.0
008 - FIXED-LENGTH DATA ELEMENTS--GENERAL INFORMATION
fixed length control field 251027b |||||||| |||| 00| 0 eng d
020 ## - INTERNATIONAL STANDARD BOOK NUMBER
International Standard Book Number 9786210229295
040 ## - CATALOGING SOURCE
Original cataloging agency bsop
100 ## - MAIN ENTRY--PERSONAL NAME
Personal name Lim, Franz David
Relator term author
245 ## - TITLE STATEMENT
Title Working abroad :
Remainder of title a guide based on my experience /
Statement of responsibility, etc Franz David Lim
264 ## - PRODUCTION, PUBLICATION, DISTRIBUTION, MANUFACTURE STATEMENTS
Place of production, publication, distribution, manufacture Quezon City, Philippines :
Name of producer, publisher, distributor, manufacturer <a href="Cental Book Supply Inc.,">Cental Book Supply Inc.,</a>
Date of production, publication, distribution, manufacture c2025.
300 ## - PHYSICAL DESCRIPTION
Extent xii, 229 pages :
Other physical details color illustrations ;
Dimensions 23 cm.
336 ## - CONTENT TYPE
Content Type Term text
337 ## - MEDIA TYPE
Media Type Term unmediated
338 ## - CARRIER TYPE
Carrier Type Term volume
505 0# - FORMATTED CONTENTS NOTE
Formatted contents note Disclaimer--Glossary--Map of My Journey (Adventure) in Chine--Preface--1.Are You Ready to Work Abroad?--2.Preliminary Preparations at Home--3.The World of Tomorrow--4.Academic Preparations--5.Looking for Work and Accepting a Job Offer--6.Getting a Work Visa and DMW Certificate of Employment--Notes--
942 ## - ADDED ENTRY ELEMENTS (KOHA)
Source of classification or shelving scheme Library of Congress Classification
Item type Books
Holdings
Withdrawn status Lost status Source of classification or shelving scheme Damaged status Not for loan Home library Current library Shelving location Date acquired Source of acquisition Serial Enumeration / chronology Inventory number Total Checkouts Full call number Barcode Date last seen Price effective from Koha item type
    Library of Congress Classification     BSOP Library BSOP Library Filipiniana Reference 10/27/2025 Catholic Book Center v.I 48828   HD30.28 L62 2025 00062566 10/27/2025 10/27/2025 Books
BSOP

Biblical Seminary of the Philippines
  All rights Reserved
  © 2024

CONTACT INFORMATION

Biblical Seminary of the Philippines,
  77-B Karuhatan Road, Valenzuela City,
  PHILIPPINES 1441
  Phone: +632 8292-6795 / 8292-6798
  Fax : +632 8292-6675
  Email: library@bsop.edu.ph